| 000 | 00397pab a2200145 454500 | ||
|---|---|---|---|
| 008 | 180718b1990 xxu||||| |||| 00| 0 eng d | ||
| 100 | _aLieten, G.K. | ||
| 245 |
_aDepeasantisation discontinued _bLand reforms in West Bengal |
||
| 260 | _c1990 | ||
| 300 | _a2265-71 | ||
| 362 | _a6 Oct. | ||
| 650 | _aLand Tenure - India - West Bengal | ||
| 773 | _aEconomic and Political Weekly | ||
| 909 | _a12310 | ||
| 999 |
_c12310 _d12310 |
||